| 000 | 00928nam a2200229u 4500 | ||
|---|---|---|---|
| 001 | 000011892 | ||
| 005 | 20200929162615.0 | ||
| 008 | 831122s1969 ve ab 001 0 spa d | ||
| 040 |
_aDO-SdBNP _cCarP _dDLC _dBNPHU |
||
| 043 | _as-ve- | ||
| 082 |
_aNNNN _bG569l |
||
| 100 | 1 |
_aGómez de Ivashevsky, Aura _928111 |
|
| 245 | 1 | 0 |
_aLenguaje coloquial venezolano / _cAura Gómez de Ivashevsky ; presentación de Ángel Rosenblat. |
| 260 |
_aCaracas, : _bUniversidad Central de Venezuela, Facultad de Humanidades y Educación, Instituto de Filología "Andrés Bello", _c1969. |
||
| 300 |
_a502 p. : _billus., mapas ; _c23 cm. |
||
| 504 | _aIncluye notas y referencias bibliográficas al pie de las páginas | ||
| 500 | _aIncluey índice | ||
| 650 | 0 |
_aSpanish language _xProvincialisms _zVenezuela. [From Old Catalog] _927951 |
|
| 700 | 1 |
_aRosenblat, Ángel, _d1902-1984 _927920 |
|
| 910 | _aCatalogación derivadas | ||
| 049 | _aBNGR | ||
| 999 |
_c11562 _d11562 |
||